Desarrollo de invención para mejorar el confort higrotérmico de habitaciones mediante un bajo consumo energético /

Guardat en:
Dades bibliogràfiques
Autor principal: Orozco Bojórquez, Luis Gabriel (autor)
Format: Thesis Llibre
Idioma:espanyol
Publicat: Guadalajara, México : edición de autor, 2023
Matèries:
Accés en línia:Ver documento en línea
Etiquetes: Afegir etiqueta
Sense etiquetes, Sigues el primer a etiquetar aquest registre!

MARC

LEADER 00000nam^a2200000^a^4500
001 000590278
005 20251023000000.0
009 20260310132905.624
037 |a Acervo ITESO - Biblioteca 
041 |a ESP 
090 |a MPE. 91 
100 |a Orozco Bojórquez, Luis Gabriel  |e (autor) 
245 1 0 |a Desarrollo de invención para mejorar el confort higrotérmico de habitaciones mediante un bajo consumo energético /  |c L.G. Orozco Bojórquez. 
264 1 |a Guadalajara, México :  |b edición de autor,  |c 2023 
300 |a 1 tesis electrónica en línea (82 p.) 
300 |a 1 recurso en línea 
336 |a datos para computadora  |b cod  |2 rdacontenido 
337 |a computadora  |b c  |2 rdamedio 
338 |a recurso en línea  |b cr  |2 rdasoporte 
502 |a ITESO Tesis de Maestría en Proyectos y Edificación Sustentables 
649 |a XX 
650 |a Vivienda de Interés Social 
650 |a Vivienda 
650 |a Energía Solar 
650 |a Energía Solar y Arquitectura 
650 |a Calefacción 
650 |a Ventilación 
650 |a Consumo de Energía 
650 |a Conservación de la Energía 
650 |a Proyecto Arquitectónico 
650 |a Diseño Arquitectónico 
650 |a Desarrollo Sustentable 
650 |a Ecodiseño 
650 |a Arquitectura y Clima -  |x Tema Principal 
650 |a Arquitectura Popular 
856 4 0 |u https://rei.iteso.mx/handle/11117/10572  |y Ver documento en línea 
910 |a Fondo General 
920 |a Electrónicos - Tesis del ITESO en Línea 
930 |a Repositorio Institucional 
905 |a 201 
901 |a 590278-1  |b IT2  |c ETI  |u 20250521 
902 |a https://opac.biblio.iteso.mx/vufind/Record/000590278